La globalización desafíos y oportunidades (Registro nro. 42422)
[ vista simple ]
| 000 -ENCABEZADO | |
|---|---|
| Número de control [NR] | 00765nam a2200241Ia 4500 |
| 008 - DE LONGITUD FIJA DE DATOS DE ELEMENTOS - INFORMACIÓN GENERAL | |
| Elementos de longitud fija [NR] | 130821s2002 ck gr spa |
| 020 ## - NUMERO INTERNACIONAL NORMALIZADO PARA LIBROS [R] | |
| Número Internacional Normalizado del libro [NR] | 9586824217 |
| 040 ## - FUENTE DE CATALOGACION [NR] | |
| Agencia de catalogación original [NR] | Co-BoUCM |
| Idioma de catalogación [NR] | spa |
| 041 00 - CODIGO DE IDIOMA [R] | |
| Código de idioma para texto/pista de sonido o título separado [R] | Español |
| 100 1# - ASIENTO PRINCIPAL--NOMBRE PERSONAL [NR] | |
| Nombre personal [NR] | Pizano, Diego |
| 245 13 - MENCION DE TITULO [NR] | |
| Título [NR] | La globalización desafíos y oportunidades |
| Mención de responsabilidad, etc. [NR] | Diego Pizano |
| 260 ## - PUBLICACION, DISTRIBUCION, ETC. (PIE DE IMPRENTA) [R] | |
| Lugar de publicación, distribución, etc. [R] | Bogotá (Colombia) |
| Nombre del editor, distribuidor, etc. [R] | Alfaomega |
| Fecha de publicación, distribución, etc. [R] | 2002 |
| 300 ## - DESCRIPCION FISICA [R] | |
| Extensión [R] | 85 páginas |
| 490 ## - MENCION DE SERIE [R] | |
| Mención de serie [R] | Libros de Cambio |
| Designación numérica/secuencial del volumen [NR] | 19 |
| 504 ## - NOTA DE BIBLIOGRAFIA, ETC. [R] | |
| Nota de bibliografía, etc. [NR] | |
| 650 04 - ASIENTO SECUNDARIO DE MATERIA - TERMINO TEMATICO [R] | |
| Término temático o nombre geográfico como elemento de entrada [NR] | Economía internacional |
| 9 (RLIN) | 7543 |
| 650 04 - ASIENTO SECUNDARIO DE MATERIA - TERMINO TEMATICO [R] | |
| Término temático o nombre geográfico como elemento de entrada [NR] | Globalización |
| 9 (RLIN) | 216 |
| 650 04 - ASIENTO SECUNDARIO DE MATERIA - TERMINO TEMATICO [R] | |
| Término temático o nombre geográfico como elemento de entrada [NR] | Globalización |
| Subdivisión general [R] | Historia |
| 9 (RLIN) | 216 |
| 650 04 - ASIENTO SECUNDARIO DE MATERIA - TERMINO TEMATICO [R] | |
| Término temático o nombre geográfico como elemento de entrada [NR] | Globalización |
| Subdivisión geográfica [R] | América Latina |
| 9 (RLIN) | 216 |
| 650 04 - ASIENTO SECUNDARIO DE MATERIA - TERMINO TEMATICO [R] | |
| Término temático o nombre geográfico como elemento de entrada [NR] | Globalización |
| Subdivisión geográfica [R] | Colombia |
| 9 (RLIN) | 216 |
| 942 ## - ELEMENTOS DE ENTRADA AGREGADOS (KOHA) | |
| Tipo de ítem principal el descrito en 300a | Libro |
| Tema principal | Economía |
| Edición | 1 |
| Parte restante de la signatura top. | P695g |
| Sistema de clasificación | DEWEY |
| Clasificación | 337 |
| Fecha de último préstamo | Total préstamos | Signatura topográfica | Código de barras | Última vez visto | Ejemplar | Price effective from | Tipo de ítem | Perdido | Sistema de clasificación | Dañado | No prestable | Tipo de ítem específico | Suprimido | Ubicación habitual | Ubicación actual | Localización | Fecha de creación | Forma de adquisición | Costo |
|---|---|---|---|---|---|---|---|---|---|---|---|---|---|---|---|---|---|---|---|
| 21/03/2014 | 1 | 337 P695g | 100116890 | 04/12/2025 | Ej.3 | 03/02/2013 | Libro | DEWEY | Libro | Claustro | Claustro | Mezanine | 28/02/2011 | Donación | 26000.00 | ||||
| 01/04/2014 | 44 | 337 P695g | 100060532 | 04/12/2025 | Ej.1 | 03/02/2013 | Libro | DEWEY | Libro | Claustro | Claustro | Mezanine | 28/02/2004 | Donación | 24500.00 | ||||
| 18/11/2012 | 14 | 337 P695g | 100061532 | 04/12/2025 | Ej.2 | 03/02/2013 | Libro | DEWEY | Libro | Claustro | Claustro | Mezanine | 28/02/2006 | Donación | 26000.00 |